Friends stick together : (Record no. 3437)

MARC details
000 -LEADER
fixed length control field 01242cam a2200325 a 4500
001 - CONTROL NUMBER
control field 3437
003 - CONTROL NUMBER IDENTIFIER
control field FISKH
005 - DATE AND TIME OF LATEST TRANSACTION
control field 20240305145634.0
008 - FIXED-LENGTH DATA ELEMENTS--GENERAL INFORMATION
fixed length control field 110405s2010 nyua j 000 1 eng
010 ## - LIBRARY OF CONGRESS CONTROL NUMBER
LC control number 2011288837
020 ## - INTERNATIONAL STANDARD BOOK NUMBER
International Standard Book Number 9781423128618
040 ## - CATALOGING SOURCE
Original cataloging agency DLC
Transcribing agency DLC
Language of cataloging eng
042 ## - AUTHENTICATION CODE
Authentication code pcc
050 00 - LIBRARY OF CONGRESS CALL NUMBER
Classification number PZ7
Item number .F915735 2010
082 00 - DEWEY DECIMAL CLASSIFICATION NUMBER
Classification number [E]
Edition number 22
100 ## - MAIN ENTRY--PERSONAL NAME
Personal name Anonymous
245 00 - TITLE STATEMENT
Title Friends stick together :
Remainder of title A sticker storybook /
260 ## - PUBLICATION, DISTRIBUTION, ETC.
Place of publication, distribution, etc. New York :
Name of publisher, distributor, etc. Disney Press,
Date of publication, distribution, etc. 2010.
300 ## - PHYSICAL DESCRIPTION
Extent 12 unnumbered pages :
Other physical details color illustrations ;
Dimensions 26 cm
500 ## - GENERAL NOTE
General note Cover title.
500 ## - GENERAL NOTE
General note 101 reusable vinyl stickers, for use according to directions in the text, are on eight sheets, four each in pockets on fold-out p. [2] and [3] of cover.
505 ## - FORMATTED CONTENTS NOTE
Formatted contents note G
520 ## - SUMMARY, ETC.
Summary, etc. Readers will enjoy re-creating moments from the film, or creating their own scenes with this exciting vinyl sticker book. Each spread features a background on which some of the more than 100 included vinyl stickers can be placed.
521 8# - TARGET AUDIENCE NOTE
Target audience note 380<br/>
Source Lexile estimate <br/>
521 8# - TARGET AUDIENCE NOTE
Target audience note G<br/>
Source Raz-Plus <br/>
650 #0 - SUBJECT ADDED ENTRY--TOPICAL TERM
Topical term or geographic name entry element Toy and movable books
Form subdivision Specimens.
906 ## - LOCAL DATA ELEMENT F, LDF (RLIN)
a 7
b cbc
c orignew
d 2
e ncip
f 20
g y-gencatlg
942 ## - ADDED ENTRY ELEMENTS (KOHA)
Source of classification or shelving scheme Dewey Decimal Classification
Koha item type Books
Suppress in OPAC No
Holdings
Withdrawn status Lost status Source of classification or shelving scheme Damaged status Not for loan Collection Home library Current library Shelving location Date acquired Total Checkouts Full call number Barcode Date last seen Date last checked out Price effective from Koha item type
    Dewey Decimal Classification     Juvenile Fiction Footprints International School Library Network Toul Kork Campus Footprints International School Library Network Toul Kork Campus TK Primary Library Room(4th Floor), Bookcase 3&4, Shelves 17-32, Yellow Books 03/05/2024 4 ANO PZ7 2024-0216 09/03/2025 08/27/2025 03/05/2024 Books